[Event "Tabiya Alcoy U2200 op-B 8th"]
[Site "Alcoy"]
[Date "2019.07.12"]
[Round "1"]
[White "Masague Artero, Guerau"]
[Black "Ljungstrom, Gunnar"]
[Result "1-0"]
[WhiteElo "2179"]
[BlackElo "1568"]
[PlyCount "47"]
[EventDate "2019.07.12"]
[EventType "swiss"]
[EventRounds "7"]
[EventCountry "ESP"]
[SourceTitle "EXT 2021"]
[Source "ChessBase"]
[SourceDate "2020.10.23"]
[SourceVersion "1"]
[SourceVersionDate "2020.10.23"]
[SourceQuality "1"]

1. d4 Nf6 2. Nf3 e6 3. Bf4 a6 4. e3 Nd5 5. Bg3 b5 6. e4 Nf6 7. Bd3 Bb7 8. Nbd2 c5 9. dxc5 Bxc5 10. e5 Nd5 11. c3 Nc6 12. Qe2 Na7 13. h4 Nc8 14. Ng5 f5 15. exf6 Nxf6 16. Bxh7 Ne7 17. Nde4 Bxe4 18. Bxe4 Nfd5 19. Rd1 Qb6 20. 0-0 0-0-0 21. Nf7 Nf5 22. Bxf5 Rdf8 23. Nxh8 Rxf5 24. Ng6 1-0

[Event "Jonkoping op"]
[Site "Jonkoping"]
[Date "1988.??.??"]
[Round "5"]
[White "Kyhle, Bo"]
[Black "Ljungstrom, Gunnar"]
[Result "1/2-1/2"]
[WhiteElo "1650"]
[BlackElo "1824"]
[PlyCount "115"]
[EventDate "1988.??.??"]
[EventType "swiss"]
[EventRounds "7"]
[EventCountry "SWE"]
[SourceTitle "EXT 2001"]
[Source "ChessBase"]
[SourceDate "2000.11.22"]
[SourceVersion "1"]
[SourceVersionDate "2000.11.22"]
[SourceQuality "1"]

1. c4 e5 2. Nc3 d6 3. g3 f5 4. Bg2 Nf6 5. Nf3 Be7 6. 0-0 0-0 7. Re1 c6 8. e4 fxe4 9. Nxe4 Nxe4 10. Rxe4 Bf5 11. Re3 Nd7 12. d4 e4 13. Nd2 d5 14. cxd5 Bg5 15. Rb3 cxd5 16. f4 Bf6 17. Nf1 Nb6 18. Ne3 Qd7 19. g4 Be6 20. g5 Be7 21. Nc2 Bd6 22. Qh5 Bxf4 23. Bh3 Bxh3 24. Rxh3 g6 25. Qh4 Bxc1 26. Rxc1 Rac8 27. Rc3 Rxc3 28. bxc3 Qc7 29. Ne3 Qf4 30. Qxf4 Rxf4 31. c4 dxc4 32. Nxc4 Nxc4 33. Rxc4 e3 34. Rc8+ Kg7 35. Re8 Rxd4 36. Rxe3 Kf7 37. Rh3 Kg7 38. Ra3 a6 39. Rb3 b5 40. Ra3 Rd6 41. Kf2 h6 42. gxh6+ Kxh6 43. Kf3 Kg5 44. Ke4 Kf6 45. h4 Ke6 46. Re3 b4 47. Kf4+ Kf6 48. Rf3 Rd5 49. Ke4+ Ke6 50. Rg3 Re5+ 51. Kd4 Rh5 52. Rxg6+ Kd7 53. Rxa6 Rxh4+ 54. Kc5 Kc7 55. Ra7+ Kb8 56. Ra4 Kb7 57. Rxb4+ Rxb4 58. Kxb4 1/2-1/2